000 00335nam a2200133Ia 4500
008 240624s9999 xx 000 0 und d
041 _aeng
082 _a823 BRA
100 _aBRAUN JACKIE
245 _aCONFESSIONS OF A GIRL NEXT DOOR
260 _c2012
_aNew Delhi
_bPenguin India
300 _a248 : p. : cm. ; 18
365 _cRS
_b25
999 _c19864
_d19864